Statistics for Footballers by Career - Chelsea

Click here to take the quiz!

General Stats

  • This quiz has been taken 129 times
  • The average score is 7 of 10

Answer Stats

Player% Correct
Eden Hazard
96%
Didier Drogba
95%
Michael Ballack
88%
Michael Essien
84%
Branislav Ivanović
72%
Gianfranco Zola
71%
Eiður Guðjohnsen
58%
Salomon Kalou
58%
Graeme Le Saux
26%
Celestine Babayaro
19%

Score Distribution

Percentile by Number Answered

Percent of People with Each Score

Your Score History

You have not taken this quiz